000 00857nam a22002417a 4500
005 20240530110355.0
008 150105b2008 ua f 000 0bara d
017 _a2008/3437
_bمصر . دار الكتب المصرية
020 _a9789770923205
040 _aEG-CaGPL
041 0 _aara
082 0 4 _221
_a923.2
_bق/م م
100 0 _aمحمد التابعى
245 1 _aمن اسرار الساسة و السياسة :
_bاحمد حسنين باشا حياته الخاصة و العامة /
_cمحمد التابعى
250 _aط 1
260 _aالقاهرة :
_bدار الشروق ،
_c2008
300 _a338 ص ؛
_c24 سم
600 0 _aاحمد محمد حسنين
650 0 4 _aالتراجم السياسية
700 0 _aمحمد حسنين هيكل
942 _2ddc
_cBK
999 _c60144
_d60144